Le Lot en images - Statistiques

Statistiques générales
  • Ce quiz a été pris 96 fois
    80 depuis la dernière actualisation
  • Le résultat moyen est 10 sur 18
Statistiques - réponses
Par images Hint Réponse % Correct
Préfecture Cahors
93%
Gouffre Gouffre de Padirac
92%
Champignon comestible Truffe noire
90%
Plus Beau Village de France Rocamadour
85%
Sous-préfecture Figeac
77%
Fleuve Dordogne
68%
Entraîneur et joueur de rugby Fabien Galthié
60%
Ancienne commune popularisée en 1976 par un sketch Montcuq
58%
Région naturelle Parc naturel régional {des Causses du Quercy}
58%
Sous-préfecture Gourdon
55%
Plus Beau Village de France Saint-Cirq-Lapopie
53%
Pont de la préfecture Pont Valentré
52%
Œuvre d'art (reproduction) Pierre de Rosette
48%
Pâtisserie aux pommes Le pastis quercynois
38%
Grotte Grotte du Pech Merle
30%
Femme de lettres Françoise Sagan
27%
Chanteur décédé dans la commune précédente Nino Ferrer
27%
Zone où le ciel nocturne est très peu éclairé Triangle noir du Quercy
10%
Aucun quiz correspondant
Distribution des résultats
% des personnes avec chaque résultat
Percentile par nombre de réponses
Votre historique - résultats
Vous n’avez pas pris ce quiz depuis la dernière actualisation